00262nam a2200121Ia 4500100001900000650001200019654001200031245001900043260004500062082001300107300000800120546001200128 aRobert Ireson  aGeneral aCar HB. aCar Hand Book. bThe english danguape book society.c2001 a629.2222 a379 aENGLISH